000
00351 a2200169 4500
001
182107
020
_a
85-357-0232-6
040
_c
Magnum
100
_a
Cunha, Leo
240
1
0
_a
Pão e circo
_l
por
245
1
0
_a
Pão e circo
300
_a
39
362
0
_a
2002
440
1
_a
Atual Editora
697
_a
LITERATURA INFANTO-JUVENIL
942
_c
BK
999
_c
182107
_d
182107